[Event "Bad Woerishofen op"]
[Site "?"]
[Date "2000.??.??"]
[Round "2"]
[White "Josting, Friedel"]
[Black "Budde, Reinhard"]
[Result "1-0"]
[WhiteElo "1790"]
[BlackElo "1621"]
[Annotator "ChessOrg"]
[PlyCount "72"]
[EventDate "2000.??.??"]
[Source "ChessBase"]
[SourceDate "1998.04.29"]

1. Nf3 c5 2. c3 d6 3. d4 cxd4 4. cxd4 Nf6 5. Nc3 e6 6. Bg5 Be7 7. e3 a6 8. Bd3
O-O 9. O-O Nbd7 10. Rc1 b5 11. Qe2 Bb7 12. a3 Rc8 13. e4 Re8 14. Rfd1 Qb6 15.
h3 e5 16. Be3 exd4 17. Bxd4 Qd8 18. b4 Bf8 19. Re1 Ne5 20. Nxe5 dxe5 21. Be3
Qd6 22. Red1 Qe6 23. Qb2 Red8 24. Bg5 Be7 25. Bc2 Rxd1+ 26. Bxd1 h6 27. Bxf6
Bxf6 28. Bg4 Qe7 29. Bxc8 Bxc8 30. Nd5 Qb7 31. Nxf6+ gxf6 32. Qd2 Be6 33. Qxh6
Qxe4 34. Qxf6 Qd5 35. Qg5+ Kh7 36. Re1 f6 1-0

[Event "Bad Woerishofen op"]
[Site "?"]
[Date "2000.??.??"]
[Round "4"]
[White "Josting, Friedel"]
[Black "Scheidt, Eugen"]
[Result "0-1"]
[WhiteElo "1790"]
[BlackElo "1917"]
[Annotator "ChessOrg"]
[PlyCount "72"]
[EventDate "2000.??.??"]
[Source "ChessBase"]
[SourceDate "1998.04.29"]

1. Nf3 c5 2. c3 e6 3. d4 d5 4. Bf4 Nc6 5. e3 Nf6 6. Nbd2 Be7 7. h3 O-O 8. Bd3
b6 9. g4 Bb7 10. g5 Nh5 11. h4 cxd4 12. Nxd4 Nxf4 13. exf4 Nxd4 14. cxd4 Qc7
15. Qh5 g6 16. Qg4 f5 17. Qe2 Kf7 18. Nf3 Qxf4 19. Ne5+ Kg7 20. Nd7 Rfe8 21.
Bb5 a6 22. Nf6 axb5 23. Nxe8+ Rxe8 24. Kf1 Qe4 25. Qxe4 dxe4 26. Rc1 Rc8 27.
Ke2 Rxc1 28. Rxc1 Bd6 29. Rc3 b4 30. Rc2 h6 31. a3 b3 32. Rc3 Bd5 33. Rc8 hxg5
34. hxg5 Bxa3 35. Rb8 Bxb2 36. Ke3 Bc1+ 0-1

[Event "Bad Woerishofen op"]
[Site "?"]
[Date "2000.??.??"]
[Round "6"]
[White "Josting, Friedel"]
[Black "Litterst, Reinhard"]
[Result "0-1"]
[WhiteElo "1790"]
[BlackElo "1940"]
[Annotator "ChessOrg"]
[PlyCount "78"]
[EventDate "2000.??.??"]
[Source "ChessBase"]
[SourceDate "1998.04.29"]

1. Nf3 d6 2. d4 g6 3. Bf4 Nf6 4. e3 Bg7 5. h3 Nbd7 6. Bc4 c5 7. Nbd2 cxd4 8.
exd4 O-O 9. O-O Qc7 10. Re1 Nb6 11. Bb3 Nbd5 12. Bg5 h6 13. Be3 b6 14. Qe2 Bb7
15. Rac1 Nxe3 16. Qxe3 e6 17. c4 Qd7 18. Nh2 Rac8 19. Nhf3 Qe7 20. d5 e5 21. g4
Nh7 22. Kh2 f5 23. gxf5 gxf5 24. Rg1 Kh8 25. Bc2 e4 26. b3 Qf6 27. Ne1 Rc7 28.
Ng2 Qc3 29. Nf4 Qxe3 30. fxe3 Be5 31. Rg6 Rf6 32. Rcg1 Rxg6 33. Rxg6 Bxd5 34.
Kh1 Bxf4 35. Nf1 Bf7 36. Rg1 Be5 37. Bd1 Be8 38. Ng3 Bxg3 39. Rxg3 Rg7 0-1

[Event "Bad Woerishofen op"]
[Site "?"]
[Date "2000.??.??"]
[Round "8"]
[White "Josting, Friedel"]
[Black "Rueggeberg, Wilhelm"]
[Result "0-1"]
[WhiteElo "1790"]
[BlackElo "1813"]
[Annotator "ChessOrg"]
[PlyCount "110"]
[EventDate "2000.??.??"]
[Source "ChessBase"]
[SourceDate "1998.04.29"]

1. Nf3 c5 2. c3 d5 3. d4 e6 4. Bf4 Nc6 5. e3 Nf6 6. Nbd2 cxd4 7. exd4 Bd6 8.
Ne5 Qc7 9. Ndf3 Nh5 10. Bd2 g6 11. Bb5 O-O 12. Qe2 f6 13. Bxc6 bxc6 14. Ng4 Bd7
15. O-O Rae8 16. Bh6 Rf7 17. h3 Bf8 18. Bxf8 Rfxf8 19. Rfe1 Nf4 20. Qd2 g5 21.
Rac1 h5 22. Ne3 Qa5 23. Kh2 e5 24. dxe5 fxe5 25. Nxg5 Qc7 26. g3 Ne6 27. Nxe6
Bxe6 28. Ng2 Kh7 29. Qg5 Rf5 30. Qe3 Ref8 31. f4 e4 32. Rf1 Qd7 33. Rce1 R5f6
34. Qe2 Bxh3 35. Rh1 Bg4 36. Qe3 Bf3 37. Rhg1 R8f7 38. Nh4 Bg4 39. Rgf1 Re7 40.
Nf3 Bxf3 41. Rxf3 Rg7 42. Rff1 h4 43. g4 Rxg4 44. Rg1 Rgxf4 45. Rg5 Qc7 46. Kg1
Qf7 47. Qh3 Rg6 48. Qg2 Rxg5 49. Qxg5 Qg6 50. Qxg6+ Kxg6 51. Re3 Kg5 52. c4 d4
53. Ra3 d3 54. Rxa7 d2 55. Rd7 e3 0-1

[Event "Bad Woerishofen op"]
[Site "?"]
[Date "2000.??.??"]
[Round "1"]
[White "Junker, Wilfried"]
[Black "Geissler, Dieter"]
[Result "1/2-1/2"]
[WhiteElo "1750"]
[BlackElo "2072"]
[Annotator "ChessOrg"]
[PlyCount "97"]
[EventDate "2000.??.??"]
[Source "ChessBase"]
[SourceDate "1998.04.29"]

1. e4 e5 2. Nf3 Nc6 3. d4 exd4 4. Bc4 d6 5. O-O Bg4 6. c3 Bxf3 7. Qxf3 Ne5 8.
Qe2 dxc3 9. Nxc3 Nxc4 10. Qxc4 c6 11. Bf4 Qf6 12. Be3 Qe6 13. Qb4 Qc8 14. Rad1
Nf6 15. Bg5 b5 16. Qd4 Qe6 17. Rfe1 Qe5 18. Qd2 Be7 19. Bxf6 gxf6 20. f4 Qc5+
21. Kh1 b4 22. Ne2 h5 23. Nd4 Qb6 24. Nf5 Rd8 25. Qe2 Bf8 26. e5 fxe5 27. fxe5
d5 28. Nd6+ Bxd6 29. exd6+ Kd7 30. Qe7+ Kc8 31. Qxf7 Rhf8 32. Qxh5 Rxd6 33.
Qg4+ Kb8 34. Qg3 Qc7 35. Rf1 Rdf6 36. Qxc7+ Kxc7 37. Rxf6 Rxf6 38. Kg1 Kd6 39.
g4 a5 40. b3 Ke5 41. Kg2 Rd6 42. Kf3 d4 43. h4 c5 44. Rc1 Rf6+ 45. Ke2 Kd5 46.
g5 Rf4 47. h5 Rh4 48. h6 a4 49. Rg1 1/2-1/2

[Event "Bad Woerishofen op"]
[Site "?"]
[Date "2000.??.??"]
[Round "3"]
[White "Junker, Wilfried"]
[Black "Wicklund-Hansen, Richard"]
[Result "1/2-1/2"]
[WhiteElo "1750"]
[BlackElo "2040"]
[Annotator "ChessOrg"]
[PlyCount "43"]
[EventDate "2000.??.??"]
[Source "ChessBase"]
[SourceDate "1998.04.29"]

1. e4 d5 2. exd5 Qxd5 3. Nc3 Qd6 4. d4 Nf6 5. Nf3 Bg4 6. Be2 c6 7. h3 Bh5 8.
Be3 e6 9. Qd2 Nd5 10. Nxd5 cxd5 11. Bf4 Qb6 12. c3 Bd6 13. Bxd6 Qxd6 14. O-O
O-O 15. Ne5 Bxe2 16. Qxe2 Nd7 17. f4 Nf6 18. Rae1 Ne4 19. Qe3 Rac8 20. Ng4 Qe7
21. Nf2 f5 22. Nd3 1/2-1/2

[Event "Bad Woerishofen op"]
[Site "?"]
[Date "2000.??.??"]
[Round "5"]
[White "Junker, Wilfried"]
[Black "Schmidt, Werner"]
[Result "0-1"]
[WhiteElo "1750"]
[BlackElo "1840"]
[Annotator "ChessOrg"]
[PlyCount "62"]
[EventDate "2000.??.??"]
[Source "ChessBase"]
[SourceDate "1998.04.29"]

1. e4 e5 2. d4 exd4 3. Nf3 Nc6 4. Bc4 Nf6 5. O-O Be7 6. e5 Ne4 7. Nxd4 O-O 8.
Bd5 Nc5 9. f4 Nxd4 10. Qxd4 Ne6 11. Qd3 Bc5+ 12. Be3 Qe7 13. Nc3 d6 14. f5 Qg5
15. Rae1 Nf4 16. Qe4 Bxe3+ 17. Qxe3 dxe5 18. Qxe5 Nxd5 19. Qxd5 c6 20. Qe5 f6
21. Qc5 b6 22. Qc4+ Kh8 23. Ne4 Qg4 24. h3 Qh4 25. Qxc6 Bxf5 26. Nd6 Bg6 27.
Re7 Qd4+ 28. Kh1 Qxb2 29. Nf7+ Bxf7 30. Rxf7 Qxa2 31. Qb7 Qxf7 0-1

[Event "Bad Woerishofen op"]
[Site "?"]
[Date "2000.??.??"]
[Round "6"]
[White "Junker, Wilfried"]
[Black "Schoen, Siegfried"]
[Result "1/2-1/2"]
[WhiteElo "1750"]
[BlackElo "1551"]
[Annotator "ChessOrg"]
[PlyCount "42"]
[EventDate "2000.??.??"]
[Source "ChessBase"]
[SourceDate "1998.04.29"]

1. e4 d5 2. exd5 Qxd5 3. Nc3 Qa5 4. d4 c6 5. Nf3 Nf6 6. Bd3 Bg4 7. h3 Bh5 8. g4
Bg6 9. Ne5 Nbd7 10. Nc4 Qc7 11. Be3 e6 12. Qd2 Bxd3 13. Qxd3 O-O-O 14. O-O-O
Nd5 15. Nxd5 exd5 16. Nd2 Bd6 17. Qf5 Rdf8 18. Rde1 g6 19. Qf3 f5 20. gxf5 Rxf5
21. Qg2 b6 1/2-1/2

[Event "Bad Woerishofen op"]
[Site "Bad Woerishofen"]
[Date "2000.??.??"]
[Round "9"]
[White "Junker, Wilfried"]
[Black "Braeu, Ludwig"]
[Result "1/2-1/2"]
[WhiteElo "1750"]
[BlackElo "1830"]
[Annotator "ChessOrg"]
[PlyCount "114"]
[EventDate "1998.03.05"]
[Source "ChessBase"]
[SourceDate "1998.04.29"]

1. e4 c5 2. c3 e6 3. d4 d5 4. e5 Nc6 5. Nf3 Qb6 6. Bd3 Bd7 7. O-O cxd4 8. cxd4
Nxd4 9. Nxd4 Qxd4 10. Nc3 a6 11. Qe2 Ne7 12. Kh1 Nc6 13. f4 Bc5 14. Rd1 Qf2 15.
Qg4 Nb4 16. Be2 Nc2 17. Rf1 Qd4 18. Rb1 g6 19. Rd1 Qb4 20. Bd2 Ne3 21. Bxe3
Bxe3 22. Qf3 Qxf4 23. Qh3 Qh6 24. Qf3 Bc6 25. Rf1 O-O 26. Qg4 Qg5 27. Qh3 d4
28. Nd1 Qxe5 29. Bd3 f5 30. Re1 f4 31. Nf2 f3 32. g3 Rae8 33. b4 Qh5 34. Qf1
Bb5 35. Bxb5 Qxb5 36. Nd3 f2 37. Red1 Rf5 38. h3 Ref8 39. Rb2 e5 40. a4 Qc4 41.
Nc5 Qxf1+ 42. Rxf1 R8f7 43. Ne4 Rc7 44. Kg2 Rf8 45. Nc5 Re8 46. Ne4 Kg7 47. Kf3
Rec8 48. Nc5 Rc6 49. Rbb1 a5 50. Nd3 Re6 51. Ke4 axb4 52. Rxb4 b6 53. Rb5 Kf6
54. Nxf2 Bxf2 55. Rxf2+ Ke7 56. a5 bxa5 57. Rxa5 Rd6 1/2-1/2

[Event "Bad Woerishofen op"]
[Site "?"]
[Date "2000.??.??"]
[Round "2"]
[White "Kahler, Kurt"]
[Black "Antusch, Ingrid"]
[Result "1-0"]
[WhiteElo "1756"]
[BlackElo "1550"]
[Annotator "ChessOrg"]
[PlyCount "105"]
[EventDate "2000.??.??"]
[Source "ChessBase"]
[SourceDate "1998.04.29"]

1. e4 d5 2. exd5 Qxd5 3. Nc3 Qa5 4. Nf3 Bg4 5. Be2 Nf6 6. O-O e6 7. d3 c6 8.
Bd2 Qc7 9. Ng5 Bxe2 10. Qxe2 Bd6 11. h3 O-O 12. Nce4 Nbd7 13. Nxd6 Qxd6 14. Bc3
Qe7 15. a3 h6 16. Nf3 Nd5 17. Bd2 Qf6 18. c4 Nf4 19. Qe3 Ng6 20. Bb4 Rfe8 21.
Bc3 Qf5 22. Nd2 b6 23. Ne4 Rad8 24. Nd6 Qf4 25. Nxe8 Rxe8 26. b4 Kf8 27. g3
Qxe3 28. fxe3 e5 29. Rf2 Re6 30. Raf1 f6 31. a4 a6 32. Re1 c5 33. a5 cxb4 34.
Bxb4+ Kf7 35. d4 e4 36. Ra1 Rc6 37. Rc1 b5 38. c5 Ne7 39. Bd2 Nd5 40. h4 Ke6
41. g4 g6 42. g5 hxg5 43. hxg5 f5 44. Rh2 Nf8 45. Kf1 Kf7 46. Ke2 Kg7 47. Be1
Nh7 48. Bh4 Nf8 49. Bg3 Ne6 50. Be5+ Kf7 51. Rh7+ Kg8 52. Rd7 Nb4 53. Rh1 1-0

[Event "Bad Woerishofen op"]
[Site "?"]
[Date "2000.??.??"]
[Round "4"]
[White "Kahler, Kurt"]
[Black "Michalowski, Richard"]
[Result "1/2-1/2"]
[WhiteElo "1756"]
[BlackElo "1591"]
[Annotator "ChessOrg"]
[PlyCount "118"]
[EventDate "2000.??.??"]
[Source "ChessBase"]
[SourceDate "1998.04.29"]

1. e4 d5 2. exd5 Qxd5 3. Nc3 Qa5 4. d4 c6 5. Bf4 Nf6 6. Bc4 Bf5 7. Nge2 e6 8.
O-O Be7 9. Re1 O-O 10. Ng3 Bg6 11. h4 h5 12. Be2 Nbd7 13. Bg5 Rfe8 14. Bf3 Rac8
15. Nce2 Ng4 16. Bxe7 Rxe7 17. Nf4 Ndf6 18. Nxg6 fxg6 19. Qd3 Kf7 20. Ne4 Nxe4
21. Bxe4 Qc7 22. Bxg6+ Kg8 23. g3 Rf8 24. Rf1 c5 25. dxc5 Qxc5 26. Qe2 Rf6 27.
Bxh5 Qxh5 28. Rad1 Ref7 29. Rd8+ Kh7 30. Rd4 Rxf2 31. Rxf2 Rxf2 32. Qe4+ Qf5
33. Qxf5+ exf5 34. Rd7 Rxc2 35. Rxb7 a5 36. Rb5 g6 37. Rxa5 Rxb2 38. a4 Ra2 39.
Ra7+ Kh6 40. a5 Ne5 41. Ra8 Nc6 42. a6 Kg7 43. Kf1 Kf7 44. Kg1 Ke7 45. Kf1 Kd7
46. Kg1 Kc7 47. Kf1 Kb6 48. Re8 Nd4 49. Rg8 Rxa6 50. Rxg6+ Kb7 51. Rxa6 Kxa6
52. Kf2 Kb6 53. Ke3 Ne6 54. h5 Kc6 55. h6 f4+ 56. gxf4 Nf8 57. Ke4 Kd6 58. Kf5
Ke7 59. Kg5 Kf7 1/2-1/2

[Event "Bad Woerishofen op"]
[Site "?"]
[Date "2000.??.??"]
[Round "7"]
[White "Kahler, Kurt"]
[Black "Ludekus, Bernhard"]
[Result "1-0"]
[WhiteElo "1756"]
[BlackElo "1600"]
[Annotator "ChessOrg"]
[PlyCount "33"]
[EventDate "2000.??.??"]
[Source "ChessBase"]
[SourceDate "1998.04.29"]

1. e4 e5 2. f4 Nc6 3. Nf3 Nf6 4. Nc3 exf4 5. d4 Bb4 6. Bd3 O-O 7. Bxf4 d6 8.
O-O Bg4 9. Ne2 Re8 10. c3 Ba5 11. Bg5 h6 12. Bh4 g5 13. Nxg5 hxg5 14. Bxg5 Bh5
15. Rf4 Kg7 16. Qf1 Bg6 17. Bxf6+ 1-0

[Event "Bad Woerishofen op"]
[Site "Bad Woerishofen"]
[Date "2000.??.??"]
[Round "9"]
[White "Kahler, Kurt"]
[Black "Bakalarozyk, Wtodzim"]
[Result "0-1"]
[WhiteElo "1756"]
[BlackElo "2000"]
[Annotator "ChessOrg"]
[PlyCount "120"]
[EventDate "1998.03.05"]
[Source "ChessBase"]
[SourceDate "1998.04.29"]

1. e4 c5 2. Nf3 e6 3. d4 cxd4 4. Nxd4 a6 5. Nc3 Qc7 6. Be3 Nf6 7. a3 b5 8. Bd3
Bb7 9. O-O Bd6 10. f4 Bc5 11. e5 Nd5 12. Nxd5 Bxd5 13. Qg4 g6 14. c3 Nc6 15.
Kh1 h5 16. Qe2 Nxd4 17. Bxd4 Bxd4 18. cxd4 Rc8 19. Be4 Bc4 20. Bd3 O-O 21. Bxc4
Qxc4 22. Qd2 Qd5 23. Rac1 Rc6 24. Rxc6 dxc6 25. Qc3 Rd8 26. h3 Qe4 27. Qf3 Rxd4
28. Qxe4 Rxe4 29. Rf3 c5 30. g3 Re2 31. b3 Rd2 32. Rc3 Rd5 33. Kg2 Kf8 34. Kf3
Ke7 35. h4 f5 36. exf6+ Kxf6 37. g4 Ke7 38. Ke4 Kd6 39. gxh5 Rxh5 40. Rg3 Rxh4
41. Rxg6 c4 42. bxc4 bxc4 43. Rg3 Rh5 44. Kd4 Rh4 45. Ke4 a5 46. Rg5 c3 47. Rg3
c2 48. Rc3 e5 49. Rxc2 Rxf4+ 50. Ke3 Rh4 51. Rd2+ Ke6 52. Rb2 Rh3+ 53. Ke4 Rh4+
54. Ke3 Kf5 55. Rf2+ Rf4 56. Rd2 Rc4 57. Rb2 Rh4 58. Rb5 Rh3+ 59. Ke2 Rxa3 60.
Rb8 Ke4 0-1

[Event "Bad Woerishofen op"]
[Site "?"]
[Date "2000.??.??"]
[Round "1"]
[White "Kasueschke, Gregor"]
[Black "Manfeldt, Alfred"]
[Result "1-0"]
[WhiteElo "2030"]
[BlackElo "1723"]
[Annotator "ChessOrg"]
[PlyCount "63"]
[EventDate "2000.??.??"]
[Source "ChessBase"]
[SourceDate "1998.04.29"]

1. c4 e6 2. d4 Bb4+ 3. Nd2 Nf6 4. a3 Be7 5. e4 d6 6. Bd3 e5 7. Ngf3 Nbd7 8. O-O
O-O 9. b4 exd4 10. Nxd4 Ne5 11. Be2 a6 12. Bb2 c5 13. Nc2 Qc7 14. Ne3 Nc6 15.
Rb1 cxb4 16. axb4 Be6 17. Kh1 Nd7 18. f4 Bf6 19. f5 Bxb2 20. Rxb2 Qb6 21. Nc2
Nd4 22. Nxd4 Qxd4 23. Rc2 Nb6 24. fxe6 fxe6 25. c5 dxc5 26. bxc5 Rxf1+ 27. Nxf1
Qxd1 28. Bxd1 Na4 29. c6 b5 30. c7 Rc8 31. Rc6 a5 32. Bb3 1-0

[Event "Bad Woerishofen op"]
[Site "?"]
[Date "2000.??.??"]
[Round "3"]
[White "Kasueschke, Gregor"]
[Black "Fehres, Werner"]
[Result "1/2-1/2"]
[WhiteElo "2030"]
[BlackElo "1806"]
[Annotator "ChessOrg"]
[PlyCount "76"]
[EventDate "2000.??.??"]
[Source "ChessBase"]
[SourceDate "1998.04.29"]

1. c4 e5 2. Nc3 d6 3. Nf3 Nc6 4. d4 Be7 5. d5 Nb8 6. e4 Nf6 7. Be2 O-O 8. O-O
Nbd7 9. Qc2 Ne8 10. Be3 c5 11. Bd3 Kh8 12. Ne2 Rg8 13. a3 a5 14. b3 b6 15. Qd2
Nc7 16. Ng3 g6 17. Rab1 Na6 18. Ne1 Ra7 19. Nc2 f6 20. Rb2 Qe8 21. Rfb1 Bd8 22.
b4 Qe7 23. bxa5 bxa5 24. Ne1 Bc7 25. Qc2 Qd8 26. Bd2 Kg7 27. Bc3 Re8 28. Rb5
Re7 29. Qd2 Nab8 30. R5b2 Ba6 31. f4 Ra8 32. Nf3 Nb6 33. fxe5 dxe5 34. Bxa5
Nxd5 35. Bxc7 Nxc7 36. Qe3 Ne6 37. Bf1 Nc6 38. Rb6 Ncd4 1/2-1/2

[Event "Bad Woerishofen op"]
[Site "?"]
[Date "2000.??.??"]
[Round "5"]
[White "Kasueschke, Gregor"]
[Black "Delander, Adolf"]
[Result "0-1"]
[WhiteElo "2030"]
[BlackElo "2327"]
[Annotator "ChessOrg"]
[PlyCount "44"]
[EventDate "2000.??.??"]
[Source "ChessBase"]
[SourceDate "1998.04.29"]

1. c4 c6 2. d4 d5 3. cxd5 cxd5 4. Nc3 Nf6 5. Bf4 Nc6 6. e3 e6 7. Bd3 a6 8. Nf3
Bd6 9. Bxd6 Qxd6 10. O-O O-O 11. Rc1 e5 12. dxe5 Nxe5 13. Be2 Nc6 14. Nd4 Ne5
15. h3 Be6 16. a4 Qb6 17. Qb3 Qxb3 18. Nxb3 Rac8 19. Nd4 Rc7 20. Ne4 Rfc8 21.
Nxf6+ gxf6 22. Rfd1 Rxc1 0-1

[Event "Bad Woerishofen op"]
[Site "?"]
[Date "2000.??.??"]
[Round "7"]
[White "Kasueschke, Gregor"]
[Black "Neumann, Erwin"]
[Result "1-0"]
[WhiteElo "2030"]
[BlackElo "1810"]
[Annotator "ChessOrg"]
[PlyCount "84"]
[EventDate "2000.??.??"]
[Source "ChessBase"]
[SourceDate "1998.04.29"]

1. c4 Nf6 2. Nc3 d5 3. d4 e6 4. cxd5 exd5 5. Bg5 Be7 6. e3 b6 7. Qc2 Bb7 8. Bd3
Nbd7 9. Nf3 h6 10. Bh4 O-O 11. O-O c5 12. Rac1 Re8 13. Rfd1 Ne4 14. Bxe7 Qxe7
15. Bb5 Nxc3 16. Qxc3 a6 17. Bxd7 Qxd7 18. dxc5 Rac8 19. b4 Re4 20. Nd4 Rg4 21.
Qd2 Rg6 22. cxb6 Rc4 23. a3 Qa4 24. Qd3 Qd7 25. Qf5 Qa4 26. Ra1 Rxb6 27. Qe5
Qd7 28. Rac1 Rg6 29. Nf5 f6 30. Ne7+ Kh7 31. Nxg6 Kxg6 32. Qg3+ Rg4 33. Qc7 Qb5
34. h3 Rg5 35. Rd4 h5 36. a4 Qe2 37. Qc2+ Qxc2 38. Rxc2 Re5 39. Rc7 Ba8 40. b5
axb5 41. axb5 Re8 42. Ra4 Kh6 1-0

[Event "Bad Woerishofen op"]
[Site "?"]
[Date "2000.??.??"]
[Round "9"]
[White "Kasueschke, Gregor"]
[Black "Schneider, Georg"]
[Result "1/2-1/2"]
[WhiteElo "2030"]
[BlackElo "2140"]
[Annotator "ChessOrg"]
[PlyCount "136"]
[EventDate "2000.??.??"]
[Source "ChessBase"]
[SourceDate "1998.04.29"]

1. c4 Nf6 2. Nc3 g6 3. g3 Bg7 4. Bg2 O-O 5. Nf3 d6 6. O-O c5 7. d4 Na6 8. h3
Rb8 9. dxc5 Nxc5 10. Be3 b6 11. b4 Nce4 12. Nxe4 Nxe4 13. Bd4 Nf6 14. Rc1 Bd7
15. Nd2 Rc8 16. e4 Rc7 17. e5 Ne8 18. exd6 Nxd6 19. Bxg7 Kxg7 20. c5 Nf5 21. c6
Be6 22. a4 Qd4 23. b5 Nxg3 24. Nf3 Qxd1 25. Rfxd1 Ne2+ 26. Kf1 Nxc1 27. Rxc1
Rd8 28. Rc3 Rd1+ 29. Ke2 Ra1 30. Ng5 Bf5 31. Rc4 f6 32. Ne4 Bxe4 33. Bxe4 f5
34. Bc2 e5 35. Rc3 Kf6 36. Rd3 Ke7 37. Rd5 e4 38. Re5+ Kd6 39. Re8 Ra3 40. h4
Rc3 41. Kd2 Rc5 42. Bb3 Re5 43. Rd8+ Kc5 44. Rd7 Re7 45. Rd5+ Kb4 46. Kc2 e3
47. Rd4+ Ka5 48. fxe3 Rxe3 49. Rd7 Re7 50. Rd4 a6 51. Rd5 axb5 52. Rxb5+ Ka6
53. Bd5 Re5 54. Kd3 Ka7 55. Kd4 Rce7 56. a5 bxa5 57. Kc5 Re1 58. Kd6 Rg7 59. c7
Rc1 60. Rb7+ Ka6 61. c8=Q Rxc8 62. Rxg7 Rh8 63. Kc5 Rc8+ 64. Kd4 Rh8 65. Kc4
Kb6 66. Bg8 f4 67. Bxh7 f3 68. Rxg6+ Kc7 1/2-1/2

[Event "Bad Woerishofen op"]
[Site "?"]
[Date "2000.??.??"]
[Round "1"]
[White "Knab, Horst"]
[Black "Hoffmann, Reinhold"]
[Result "0-1"]
[WhiteElo "1556"]
[BlackElo "1860"]
[Annotator "ChessOrg"]
[PlyCount "78"]
[EventDate "2000.??.??"]
[Source "ChessBase"]
[SourceDate "1998.04.29"]

1. Nf3 Nf6 2. c4 d6 3. d4 g6 4. Nc3 Bg7 5. e4 Nbd7 6. g3 O-O 7. Bg2 e5 8. d5
Ne8 9. O-O f5 10. Ng5 Ndf6 11. f4 Nxe4 12. Ncxe4 fxe4 13. Bxe4 Nf6 14. Bg2 exf4
15. Bxf4 Nh5 16. Bc1 Rxf1+ 17. Qxf1 Qf6 18. Qxf6 Bxf6 19. Ne4 Bd4+ 20. Kf1 Bg4
21. Bh6 Ng7 22. Ke1 Re8 23. Kd2 b6 24. Kc2 Nf5 25. Bd2 Bg7 26. h3 Nd4+ 27. Kd3
Be2+ 28. Kc3 Nf3+ 29. Kb3 Rxe4 30. Bxf3 Bxf3 31. Rf1 Be2 32. Rc1 a5 33. Bg5 a4+
34. Kxa4 Bxb2 35. Rc2 Rxc4+ 36. Rxc4 Bxc4 37. Bd8 Bd4 38. Bxc7 Bc5 39. a3 Bxd5
0-1

[Event "Bad Woerishofen op"]
[Site "?"]
[Date "2000.??.??"]
[Round "3"]
[White "Knab, Horst"]
[Black "Erler, Klaus-Juergen"]
[Result "0-1"]
[WhiteElo "1556"]
[BlackElo "1750"]
[Annotator "ChessOrg"]
[PlyCount "66"]
[EventDate "2000.??.??"]
[Source "ChessBase"]
[SourceDate "1998.04.29"]

1. Nf3 d6 2. c4 e5 3. Nc3 f5 4. e3 Nf6 5. d3 Nc6 6. Be2 Be7 7. a3 a5 8. Bd2 O-O
9. O-O Kh8 10. Qc2 Be6 11. Rad1 Qd7 12. Ng5 Bg8 13. f4 h6 14. Nf3 exf4 15. exf4
Rfe8 16. d4 Bf8 17. d5 Nb8 18. Bd3 g6 19. Rde1 Na6 20. Nh4 Bh7 21. Qd1 Nc5 22.
Bc2 Bg7 23. b4 axb4 24. axb4 Nce4 25. Ba4 c6 26. dxc6 bxc6 27. b5 Nxd2 28. bxc6
Qa7+ 29. Rf2 Nfe4 30. Nxe4 Nxe4 31. Ree2 Bd4 32. Kf1 Bxf2 33. Qa1+ Bd4 0-1

[Event "Bad Woerishofen op"]
[Site "?"]
[Date "2000.??.??"]
[Round "5"]
[White "Knab, Horst"]
[Black "Schoeffler, Hera"]
[Result "1-0"]
[WhiteElo "1556"]
[BlackElo "1390"]
[Annotator "ChessOrg"]
[PlyCount "87"]
[EventDate "2000.??.??"]
[Source "ChessBase"]
[SourceDate "1998.04.29"]

1. Nf3 Nf6 2. c4 e6 3. d4 d5 4. Nc3 Nc6 5. a3 Be7 6. c5 O-O 7. g3 b6 8. b4 Bb7
9. b5 Na5 10. c6 Bc8 11. Bg2 a6 12. a4 Nc4 13. O-O axb5 14. Nxb5 Ba6 15. Bf4
Bxb5 16. axb5 Bd6 17. Ne5 h6 18. Nxc4 dxc4 19. Rxa8 Qxa8 20. Qc2 Bxf4 21. gxf4
Nd5 22. Qxc4 Nxf4 23. Be4 Qa5 24. e3 Nh3+ 25. Kg2 Ng5 26. Bb1 Rd8 27. f4 Nh7
28. Rf2 Qa1 29. Qd3 Nf6 30. h3 Kf8 31. Ra2 Qxa2+ 32. Bxa2 Ra8 33. Bb1 Nd5 34.
Kf3 Nb4 35. Qh7 Ra1 36. Bd3 Nxd3 37. Qxd3 Ra5 38. f5 exf5 39. Qxf5 f6 40. Qc8+
Kf7 41. Qd7+ Kf8 42. Qxc7 Rxb5 43. Qd8+ Kf7 44. d5 1-0

[Event "Bad Woerishofen op"]
[Site "?"]
[Date "2000.??.??"]
[Round "7"]
[White "Knab, Horst"]
[Black "Wulf, Adalbert"]
[Result "0-1"]
[WhiteElo "1556"]
[BlackElo "1790"]
[Annotator "ChessOrg"]
[PlyCount "62"]
[EventDate "2000.??.??"]
[Source "ChessBase"]
[SourceDate "1998.04.29"]

1. Nf3 f5 2. d4 e6 3. c4 Nf6 4. Nc3 d5 5. c5 Be7 6. g3 c6 7. Bg2 b5 8. b4 a5 9.
Rb1 axb4 10. Rxb4 O-O 11. O-O Ne4 12. Nxe4 fxe4 13. Ne5 Rxa2 14. Rb2 Ra6 15. f3
exf3 16. exf3 Nd7 17. Nxd7 Bxd7 18. Rbf2 e5 19. Bb2 exd4 20. Bxd4 Bf6 21. g4
Ra4 22. Bxf6 Qxf6 23. f4 Qc3 24. Bxd5+ Kh8 25. Bb3 Rd4 26. Rf3 Rxd1 27. Rxc3
Rxf1+ 28. Kxf1 Rxf4+ 29. Kg2 Rxg4+ 30. Kf3 Rh4 31. Kg3 Rh3+ 0-1

[Event "Bad Woerishofen op"]
[Site "?"]
[Date "2000.??.??"]
[Round "8"]
[White "Knab, Horst"]
[Black "Manfeldt, Alfred"]
[Result "0-1"]
[WhiteElo "1556"]
[BlackElo "1723"]
[Annotator "ChessOrg"]
[PlyCount "113"]
[EventDate "2000.??.??"]
[Source "ChessBase"]
[SourceDate "1998.04.29"]

1. Nf3 e6 2. d4 b6 3. c4 Bb4+ 4. Nbd2 Nf6 5. a3 Be7 6. e4 O-O 7. Bd3 d6 8. O-O
Nbd7 9. b4 e5 10. Bb2 exd4 11. Bxd4 Bb7 12. Re1 Ng4 13. h3 Nge5 14. Bf1 Bf6 15.
Nxe5 Bxe5 16. Bxe5 Nxe5 17. f4 Ng6 18. Qg4 Bc8 19. f5 Ne5 20. Qg3 Kh8 21. Rad1
f6 22. Nf3 Nxf3+ 23. Qxf3 Bb7 24. Re3 Re8 25. Qg4 Re5 26. Bd3 Qe7 27. Rde1 c5
28. b5 Re8 29. Qf4 Bc8 30. g4 Bb7 31. h4 h6 32. g5 fxg5 33. hxg5 Qxg5+ 34. Qxg5
hxg5 35. Rh3+ Kg8 36. Kf2 Bxe4 37. Bxe4 Rxe4 38. Rxe4 Rxe4 39. Re3 Rf4+ 40. Kg3
Rxc4 41. Re8+ Kf7 42. Rd8 Rc3+ 43. Kg4 Rxa3 44. Rd7+ Kf8 45. Rxd6 Rb3 46. Kxg5
Ke7 47. Rc6 Kd7 48. Kg6 Rxb5 49. Re6 c4 50. Re1 c3 51. Rf1 c2 52. Kxg7 Rb1 53.
Rf3 c1=Q 54. Rd3+ Kc6 55. f6 Qg5+ 56. Kf7 Rf1 57. Rc3+ 0-1

[Event "Bad Woerishofen op"]
[Site "?"]
[Date "2000.??.??"]
[Round "1"]
[White "Kraft, Hans"]
[Black "Wohlfart, Karl-Heinz"]
[Result "0-1"]
[WhiteElo "2044"]
[BlackElo "1744"]
[Annotator "ChessOrg"]
[PlyCount "108"]
[EventDate "2000.??.??"]
[Source "ChessBase"]
[SourceDate "1998.04.29"]

1. e4 g6 2. d4 Bg7 3. Nc3 d6 4. Nf3 Nf6 5. h3 O-O 6. Be3 Nbd7 7. Bc4 c6 8. a4
e5 9. dxe5 dxe5 10. O-O h6 11. Qd6 Re8 12. Rfd1 Bf8 13. Qd2 Qa5 14. Bxh6 Qb4
15. Bb3 Bxh6 16. Qxh6 Nf8 17. Qe3 Be6 18. Bxe6 Rxe6 19. Ne1 b6 20. b3 Rae8 21.
f3 Nh5 22. Ne2 Qe7 23. g4 Ng7 24. Ng2 g5 25. Kf2 Rg6 26. Rh1 Nfe6 27. h4 Nf4
28. h5 Rd6 29. Rhd1 Red8 30. Nc3 Nge6 31. Rxd6 Rxd6 32. Rd1 Rd4 33. Qe1 Qc5 34.
Ne3 a6 35. Kg3 Qxc3 36. Qxc3 Ne2+ 37. Kf2 Nxc3 38. Rxd4 Nxd4 39. Nc4 f6 40.
Nxb6 Nxc2 41. Nd7 Kf7 42. h6 Nd4 43. h7 Kg7 44. Nxf6 Nxb3 45. Nd7 Nxa4 46. Nxe5
c5 47. Nf7 Kxh7 48. Nxg5+ Kg8 49. Ke2 c4 50. Kd1 Nb6 51. Kc2 a5 52. f4 Nd4+ 53.
Kb1 c3 54. f5 Nc4 0-1

[Event "Bad Woerishofen op"]
[Site "?"]
[Date "2000.??.??"]
[Round "3"]
[White "Kraft, Hans"]
[Black "Kahler, Kurt"]
[Result "1-0"]
[WhiteElo "2044"]
[BlackElo "1756"]
[Annotator "ChessOrg"]
[PlyCount "35"]
[EventDate "2000.??.??"]
[Source "ChessBase"]
[SourceDate "1998.04.29"]

1. e4 c5 2. Nf3 d6 3. d4 cxd4 4. Nxd4 Nf6 5. Nc3 a6 6. Bc4 e6 7. Bb3 b5 8. O-O
Bb7 9. f4 Nxe4 10. Nxe4 Bxe4 11. f5 exf5 12. Nxf5 Bxf5 13. Qf3 Nd7 14. Qxf5 Nf6
15. Bg5 Be7 16. Bxf6 gxf6 17. Rae1 O-O 18. Bd5 1-0